000 00603nam a2200205 a 4500
005 20140310183317.0
008 051118s19uu xx 00 eng d
020 _a0-7817-6528-x
050 _aRG 951
_b.K565 2006
100 _aKlossner, N. Jane
245 _aIntroductory maternity & pediatric nursing /
_cN. Jane Klossner
260 _aPhiladelphia :
_bLippincott William & Wilkins,
_c2006.
300 _a1137 p. :
_bcol. ill. ;
_c26 cm.
521 _aNUR
650 _aMaternity nursin.
650 _aPediatric nursing.
700 _aHatfield, Nancy
942 _cBK
_2lcc
_kFOR
999 _c21304
_d21304